La edad del loro / (Registro nro. 37867)
[ vista simple ]
| 000 -CABECERA | |
|---|---|
| Longitud fija campo de control | 00746nam a2200253 c 4500 |
| 003 - • IDENTIFICADOR DELl NÚMERO DE CONTROL | |
| Identificador del número de control | CO-ViMGA |
| 005 - • FECHA Y HORA DE LA ÚLTIMA TRANSACCIÓN | |
| Fecha y hora de la última transacción | 20230915234535.0 |
| 008 - • CÓDIGOS DE INFORMACIÓN DE LONGITUD FIJA | |
| Códigos de información de longitud fija | 130520s2013 sp a | |||| 000 1 spa |
| 020 ## - • NÚMERO INTERNACIONAL NORMALIZADO PARA LIBROS | |
| Número Internacional Normalizado para Libros (ISBN) | 9788468308388 |
| 040 ## - FUENTE DE LA CATALOGACIÓN | |
| Centro catalogador de origen | CO-ViMGA |
| Lengua de catalogación | spa |
| Centro transcriptor | CO-ViMGA |
| 041 1# - • CÓDIGO DE LENGUA | |
| Código de lengua original | cat |
| 082 04 - • NÚMERO DE LA CLASIFICACIÓN DECIMAL DEWEY | |
| Número de clasificación (R) | 863 |
| Número del ítem | C872e |
| 100 1# - • PUNTO DE ACCESO PRINCIPAL-NOMBRE DE PERSONA | |
| Nombre de persona | Pou, Gisela |
| Fechas asociadas al nombre | 1959- |
| 240 12 - • TÍTULO UNIFORME | |
| Título uniforme | <a href="L'edat del lloro">L'edat del lloro</a> |
| 245 13 - • TITULO PROPIAMENTE DICHO | |
| Título | La edad del loro / |
| Mención de responsabilidad, etc. | Gisela Pou ; [ilustraciones, Francisco Ruizge ; traducción, Elisenda Vergés-Bó. |
| 250 ## - • MENCIÓN DE EDICIÓN | |
| Mención de edición | 1® ed. |
| 300 ## - • DESCRIPCIÓN FÍSICA | |
| Extensión | 154 p. |
| Otras características físicas | il. |
| Dimensiones | 20 cm. |
| 490 0# - • MENCIÓN DE SERIE | |
| Mención de serie | Tucn. 12+ |
| Designación de volumen o secuencia | 19 |
| 700 1# - • PUNTO DE ACCESO ADICIONAL - NOMBRE DE PERSONA | |
| Nombre de persona | Ruizge, Francisco |
| Fechas asociadas al nombre | 1968- |
| 700 1# - • PUNTO DE ACCESO ADICIONAL - NOMBRE DE PERSONA | |
| Nombre de persona | Vergés-Bó, Elisenda |
| 942 ## - ENTRADA DE ELEMENTOS AGREGADOS (KOHA) | |
| Fuente de clasificaión o esquema | Dewey Decimal Classification |
| Koha [por defecto] tipo de item | LIbro |
| Perdido | Fuente de clasificación o esquema | Estado Físico | No para préstamo | Forma de adquisición | Localización permanente | Localización actual | Fecha adquisición | Préstamos totales | Signatura completa | Código de barras | Fecha última consulta | Fecha último préstamo | Fecha del precio de reemplazo | Tipo de item de Koha |
|---|---|---|---|---|---|---|---|---|---|---|---|---|---|---|
| Dewey Decimal Classification | Sala General Segundo Piso | Biblioteca Pública Germán Arciniegas - Villavicencio | Biblioteca Pública Germán Arciniegas - Villavicencio | 04/28/2017 | 2 | 863 C872e | 031929 | 05/08/2017 | 05/08/2017 | 04/28/2017 | LIbro |